000 00509nam a2200181Ia 4500
008 240729s9999 xx 000 0 und d
022 _a2367-7449
245 0 _aMathematical and Software Engineering
260 _aBulgaria
260 _bVarepsilon Ltd.
650 _a Electronic computers. Computer science
650 _a Instruments and machines
650 _a Mathematics
650 _aScience
856 _uhttps://doaj.org/toc/6d35e12619514bc284ef1b03b743f58b
942 _2ddc
942 _cDOAJEJ
999 _c69834
_d69834
945 _a1
_bMadushi Gamage
_c1
_dMadushi Gamage